ბათუმის შოთა რუსთაველის სახელმწიფო უნივერსიტეტის ბიბლიოთეკა

Справочник мастера-сантехника. (ბიბ.ჩანაწერი № 38199)

000 -LEADER
fixed length control field 00586nam a2200205Ia 4500
001 - CONTROL NUMBER
control field 4189
003 - CONTROL NUMBER IDENTIFIER
control field GE_BSU
008 - FIXED-LENGTH DATA ELEMENTS--GENERAL INFORMATION
fixed length control field 181216s||||||||xx |||||||||||||| ||und||
040 ## - CATALOGING SOURCE
Transcribing agency GE_BSU
080 ## - UNIVERSAL DECIMAL CLASSIFICATION NUMBER
Universal Decimal Classification number 699(035.3)
100 ## - MAIN ENTRY--PERSONAL NAME
Personal name Журавлев,Б. А.
245 ## - TITLE STATEMENT
Title Справочник мастера-сантехника.
250 ## - EDITION STATEMENT
Edition statement изд. 4-е, перераб. и доп.
260 ## - PUBLICATION, DISTRIBUTION, ETC.
Place of publication, distribution, etc. М.
260 ## - PUBLICATION, DISTRIBUTION, ETC.
Name of publisher, distributor, etc. Стройиздат.
260 ## - PUBLICATION, DISTRIBUTION, ETC.
Date of publication, distribution, etc. 1974.
300 ## - PHYSICAL DESCRIPTION
Extent 479 стр. 21 см.с илл.
653 ## - INDEX TERM--UNCONTROLLED
Uncontrolled term Справочник мастера-сантехника.
942 ## - ADDED ENTRY ELEMENTS (KOHA)
Koha item type წიგნი
ეგზემპლარები
Withdrawn status Lost status Damaged status Not for loan Date acquired Barcode Date last seen Price effective from Koha item type Public note
        2018-12-17 9347 2018-12-17 2018-12-17 წიგნი საცავი